|
|
|
|
| LEADER |
00000naa2a2200000 4500 |
| 001 |
420044 |
| 005 |
20231101073326.0 |
| 035 |
|
|
|a (RuTPU)RU\TPU\prd\77506
|
| 035 |
|
|
|a RU\TPU\prd\29033
|
| 090 |
|
|
|a 420044
|
| 100 |
|
|
|a 20100301a2004 k y0rusy50 ca
|
| 101 |
0 |
|
|a rus
|
| 102 |
|
|
|a RU
|
| 200 |
1 |
|
|a Радиационное дефектообразование в кристаллах сульфата лития
|f А. Б. Бахытжан, Л. М. Ким, Т. А. Кукетаев
|
| 225 |
1 |
|
|a Краткие сообщения
|
| 320 |
|
|
|a Библиогр.: 5 назв.
|
| 461 |
|
1 |
|0 (RuTPU)RU\TPU\prd\191
|x 0021-3411
|t Известия вузов. Физика
|f Министерство общего и профессионального образования Российской Федерации ; Томский Госуниверситет
|d 1958-
|
| 463 |
|
1 |
|0 (RuTPU)RU\TPU\prd\77490
|t Т. 47, № 3
|v с. 87-88
|d 2004
|
| 610 |
1 |
|
|a сульфит лития
|
| 610 |
1 |
|
|a кристаллы
|
| 610 |
1 |
|
|a радиационное дефектообразование
|
| 610 |
1 |
|
|a моногидраты
|
| 610 |
1 |
|
|a безводные формы
|
| 610 |
1 |
|
|a радиационно-стимулирующие процессы
|
| 610 |
1 |
|
|a исследование
|
| 675 |
|
|
|a 537.35-548.0
|v 3
|
| 700 |
|
1 |
|a Бахытжан
|b А. Б.
|
| 701 |
|
1 |
|a Ким
|b Л. М.
|
| 701 |
|
1 |
|a Кукетаев
|b Т. А.
|
| 801 |
|
1 |
|a RU
|b 63413507
|c 20041020
|g PSBO
|
| 801 |
|
2 |
|a RU
|b 63413507
|c 20101029
|g RCR
|
| 942 |
|
|
|c BK
|